Football : parcours de la France à la coupe du monde 1998 - Statistiques

Statistiques générales
  • Ce quiz a été pris 157 fois
  • Le résultat moyen est 5 sur 7
Statistiques - réponses
Tour Score Adversaire % Correct
Finale Victoire 3-0 Brésil
99%
Demies Victoire 2-1 Croatie
92%
Quarts Victoire aux TAB après 0-0 Italie
80%
Huitièmes Victoire 1-0 Paraguay
73%
Poule Victoire 4-0 Arabie saoudite
67%
Poule Victoire 2-1 Danemark
67%
Poule Victoire 3-0 Afrique du Sud
65%
Aucun quiz correspondant
Distribution des résultats
% des personnes avec chaque résultat
Percentile par nombre de réponses
Votre historique - résultats
Vous n’avez pas pris ce quiz